000 00839nam a2200253Ia 4500
003 OSt
005 20221005044255.0
006 a|||||r|||| 00| 0
007 ta
008 221004b |||||||| |||| 00| 0 eng d
020 _a9788125030454 (hbk)
_c350
024 _a97558
037 _b004, 01/09/2009, Independent Publishers Group
_cTextual
040 _aCRL
_cCRL
_beng
041 _2eng
_aeng
082 _aX:275.2z7, P6
100 _aMody Ashoka Ed.
245 0 _aInclusive growth
_b K. N. Raj's essays on economic development in the Economic Weekly and Political Weekly
260 _aHyderabad
_bOrient Longman India
_c2006
300 _a337p.
_ccm.
650 _aECONOMICS
942 _hX:275.2z7, P6
_cTEXL
_2cc
999 _c953179
_d953179